Cảm nhận mới về văn hóa và văn học Trung Quốc

Guardado en:
Detalles Bibliográficos
Autor principal: Lê, Huy Tiêu
Formato: Libro
Lenguaje:Undetermined
Publicado: Hà Nội Đại Học Quốc Gia Hà Nội 2004
Materias:
Etiquetas: Agregar Etiqueta
Sin Etiquetas, Sea el primero en etiquetar este registro!
Thư viện lưu trữ: Trung tâm Học liệu Trường Đại học Cần Thơ
LEADER 00617nam a2200217Ia 4500
001 CTU_73894
008 210402s9999 xx 000 0 und d
020 |b 45000 
020 |c 45000 
082 |a 306.0951 
082 |b T309 
100 |a Lê, Huy Tiêu 
245 0 |a Cảm nhận mới về văn hóa và văn học Trung Quốc 
245 0 |c Lê Huy Tiêu 
260 |a Hà Nội 
260 |b Đại Học Quốc Gia Hà Nội 
260 |c 2004 
650 |a China 
650 |x Civilization 
904 |i Nguyên, Qhieu 
980 |a Trung tâm Học liệu Trường Đại học Cần Thơ